UM Logo

DOF implements austerity program/ (Record no. 8472)

MARC details
000 -LEADER
fixed length control field 00411nam a22001457a 4500
003 - CONTROL NUMBER IDENTIFIER
control field OSt
005 - DATE AND TIME OF LATEST TRANSACTION
control field 20180207203244.0
008 - FIXED-LENGTH DATA ELEMENTS--GENERAL INFORMATION
fixed length control field 180207b xxu||||| |||| 00| 0 eng d
100 ## - MAIN ENTRY--PERSONAL NAME
9 (RLIN) 26220
Personal name Leyco, Chino S.
245 ## - TITLE STATEMENT
Title DOF implements austerity program/
Statement of responsibility, etc. Chino S. Leyco.
260 ## - PUBLICATION, DISTRIBUTION, ETC. (IMPRINT)
Place of publication, distribution, etc. Philippines:
Name of publisher, distributor, etc. Manila Bulletin,
Date of publication, distribution, etc. c2016.
300 ## - PHYSICAL DESCRIPTION
Extent page B-6.
650 #0 - SUBJECT ADDED ENTRY--TOPICAL TERM
9 (RLIN) 26221
Topical term or geographic name as entry element Administrative agencies.
942 ## - ADDED ENTRY ELEMENTS (KOHA)
Source of classification or shelving scheme Dewey Decimal Classification
Koha item type Periodicals
Holdings
Withdrawn status Lost status Source of classification or shelving scheme Damaged status Not for loan Collection code Home library Current library Date acquired Total Checkouts Date last seen Price effective from Koha item type Public note
    Dewey Decimal Classification     Periodicals UM Digos College - LIC UM Digos College - LIC 02/07/2018   02/07/2018 02/07/2018 Periodicals Newspaper Clippings